000 01416nam a2200229Ia 4500
999 _c37532
_d37532
001 3496
003 GE_BSU
005 20190619184553.0
008 181216s2008||||ge |||||||||||||| ||geo||
020 _a9789941005374
040 _cGE_BSU
080 _a376.2 ვ–58
245 _aვისწავლოთ ერთად : ინკლუზიური განათლება /
_cსაქ. განათლ. და მეცნ. სამინ., ეროვნ. სასწ. გეგმებისა და შეფასების ცენტრი ; პმგ რედ. თათია პაჭკორია ; წიგნი მოამზადეს მარიკა კაპანაძემ და სხვ. ; მხატვ. ბუბა ოჩიაური.
264 _aთბილისი,
_c2008.
300 _a511 გვ. ;
_bილ.,
_c23 სმ.
653 _aინკლუზიური განათლება
653 _a შეზღუდული შესაძლებლობების მქონე პირთა განათლება
700 _aკაპანაძე, მარიკა
_eრედაქტორი
_92627
700 _aპაჭკორია, თათია
_eრედაქტორი
_92628
700 _aოჩიაური,ბუბა
_eმხატვარი
_92629
942 _cBK
_2udc